000
00302nam a22001337a 4500
003
SGT
020
_a
9789383290482
082
_a
615.19
_b
SHA
100
_a
SHAH SAPAN K
245
_a
PRACTICAL PHARMACEUTICAL ANALAYSIS - I
260
_a
INDIA
_b
PEE VEE PUB
_c
2019
300
_a
104
942
_2
ddc
_c
BK
999
_c
34487
_d
34487